Verejné prostriedky v obci
Verejné prostriedky sú definované ako financie, s ktorými hospodári daný subjekt verejnej správy. V nadväznosti na normatívne právne akty sa príspevok venuje spôsobu nakladania s verejnými prostriedkami ako napríklad: účelnosť a časovosť použitia dotácií, ich hospodárnosť, efektívnosť a účinnosť. Na...
Uložené v:
| Hlavný autor: | |
|---|---|
| Médium: | Kapitola |
| Jazyk: | Slovak |
| Predmet: | |
| Tagy: |
Žiadne tagy, Buďte prvý, kto otaguje tento záznam!
|
MARC
| LEADER | 00000naa a2200000 4500 | ||
|---|---|---|---|
| 001 | 0302857 | ||
| 005 | 20240628091416.3 | ||
| 041 | 0 | |a slo | |
| 044 | |a SK | ||
| 245 | 1 | 0 | |a Verejné prostriedky v obci |c Tatiana Macháčová |
| 520 | |a Verejné prostriedky sú definované ako financie, s ktorými hospodári daný subjekt verejnej správy. V nadväznosti na normatívne právne akty sa príspevok venuje spôsobu nakladania s verejnými prostriedkami ako napríklad: účelnosť a časovosť použitia dotácií, ich hospodárnosť, efektívnosť a účinnosť. Najčastejšie porušenia pravidiel správneho rozpočtovania. | ||
| 610 | 2 | 0 | |a obeh |
| 610 | 2 | 0 | |a obce |
| 610 | 2 | 0 | |a financie |
| 610 | 2 | 0 | |a dotácie |
| 610 | 2 | 0 | |a preddavky |
| 610 | 2 | 0 | |a rozpočtovanie |
| 100 | 1 | |a Macháčová, Tatiana | |